|
|
|
|
| LEADER |
00000nab a2200000 a 4500 |
| 001 |
vtls000832136 |
| 003 |
SK-MaSNL |
| 005 |
20260304121914.0 |
| 008 |
250429c2003 xo 0 slo |
| 015 |
|
|
|a SNBRB2003/04-12283
|
| 035 |
|
|
|a CLN000183791
|
| 035 |
|
|
|a urn:nbn:sk:snk-abpyk
|
| 035 |
|
|
|a (urnnbn)urn:nbn:sk:snk:ar-a043x9
|
| 035 |
|
|
|a (uuid)a4dec87e-626e-40e0-89ff-942d2cf11a39
|
| 040 |
|
|
|a SNKBUCL
|b slo
|c SNKBUCL
|e AACR2
|
| 041 |
0 |
|
|a slo
|
| 044 |
|
|
|a xo
|c SK
|
| 080 |
|
|
|a 796.52.077
|2 1997
|
| 080 |
|
|
|a 929 Vidal, Sílvia
|2 1997
|
| 100 |
1 |
|
|a Formánek, Alan
|4 ain
|9 471668
|
| 245 |
1 |
0 |
|a Hovory s Vidalkou
|c [zhováral sa] Alan Formánek ; foto: Igor Koller
|
| 300 |
|
|
|b Fotogr.
|
| 600 |
1 |
7 |
|a Vidal, Sílvia
|d 1970-
|2 snkbucl
|9 1427168
|
| 655 |
|
7 |
|a články z novín a časopisov
|2 snkbucl
|9 267496
|
| 700 |
1 |
|
|a Koller, Igor,
|d 1952-
|4 pht
|9 103581
|
| 700 |
1 |
|
|a Vidal, Sílvia
|d 1970-
|4 aut
|9 1427168
|
| 773 |
0 |
|
|t Jamesák
|g Roč. 35, č. 2 (2003), s. 8-11
|x 1335-3896
|
| 850 |
|
|
|a Slovenská národná knižnica
|
| 852 |
|
|
|a Slovenská národná knižnica
|
| 954 |
|
|
|a odborná, vedecká literatúra pôvodná (slovenská)
|2 lita
|
| 958 |
|
|
|a article27
|
| 958 |
|
|
|a OND
|
| 958 |
|
|
|a BX
|
| 958 |
|
|
|a EUIPO
|
| 992 |
|
|
|a RBX
|
| 999 |
|
|
|c 2887708
|d 2889638
|